Enhancers and Eukaryotic Gene Expression

Bibliographic Details
Main Author: Žemla, J. (Author)
Format: Article
Language:English

MARC

LEADER 00000nab a2200000uu 4500
001 vtls011455250
003 SK-MaSNL
005 20260303153836.0
008 230222|1985 xo |||||||||||||||||eng|
015 |a SNBRB 
035 |a (urnnbn)urn:nbn:sk:snk:ar-a07ry0 
035 |a (uuid)19f5a018-874a-4a94-9620-9ad2aa76fea6 
035 |a urn:nbn:sk:snk-abcqc9 
040 |a SNKBUCL  |b slo  |c SNKBUCL  |e AACR2 
041 0 |a eng 
044 |a xo  |c SK 
100 1 |a Žemla, J.  |4 aut  |9 1171225 
245 1 0 |a Enhancers and Eukaryotic Gene Expression  |c J. Žemla 
773 0 |t Acta virologica  |g Roč. 29, č. 2 (1985), s. 174 
958 |a OND 
958 |a EUIPO 
958 |a article16 
999 |c 2030516  |d 2032446